书目信息 |
| 题名: |
高级英语词汇同步训练与测试
|
|
| 作者: | 徐李洁 主编 | |
| 分册: | ||
| 出版信息: | 南京 东南大学出版社 2015.04 |
|
| 页数: | 298页 | |
| 开本: | 26cm | |
| 丛书名: | ||
| 单 册: | ||
| 中图分类: | H313 | |
| 科图分类: | ||
| 主题词: | 英语--词汇 | |
| 电子资源: | ||
| ISBN: | 978-7-5641-5582-7 | |
| 000 | 00945nam0 2200253 450 | |
| 001 | 1553446528 | |
| 005 | 20150811145254.67 | |
| 010 | @a978-7-5641-5582-7@dCNY38.80 | |
| 100 | @a20150811d2015 km y0chiy0120 ea | |
| 101 | 0 | @achi |
| 102 | @aCN@b320000 | |
| 105 | @aak a 000yy | |
| 106 | @ar | |
| 200 | 1 | @a高级英语词汇同步训练与测试@Agao ji ying yu ci hui tong bu xun lian yu ce shi@e上下册合编@f徐李洁主编@Fxu li jie zhu bian |
| 210 | @a南京@c东南大学出版社@d2015.04 | |
| 215 | @a298页@d26cm | |
| 330 | @a本书与《高级英语》第一、二册教材配套,并按照课文顺序进行编写。每课的词汇练习设100个练习题,涵盖名词、动词、形容词和副词、名词词组、动词短语和其他短语;另外还专门设有一项根据每篇课文的词汇特点编写的词汇小贴士。 | |
| 517 | 1 | @a上下册合编@Ashang xia ce he bian |
| 586 | @a | |
| 606 | 0 | @a英语@x词汇 |
| 690 | @aH313@v5 | |
| 701 | 0 | @a徐李洁@Axu li jie@4主编 |
| 801 | 0 | @aCN@c20150820 |
| 905 | @a河南城建学院图书馆@dH313@eX7501@f3 | |
| 高级英语词汇同步训练与测试:上下册合编/徐李洁主编.-南京:东南大学出版社,2015.04 |
| 298页;26cm |
| ISBN 978-7-5641-5582-7:CNY38.80 |
| 本书与《高级英语》第一、二册教材配套,并按照课文顺序进行编写。每课的词汇练习设100个练习题,涵盖名词、动词、形容词和副词、名词词组、动词短语和其他短语;另外还专门设有一项根据每篇课文的词汇特点编写的词汇小贴士。 |
| ● |
| 相关链接 |
|
|
|
正题名:高级英语词汇同步训练与测试
索取号:H313/X7501
 
预约/预借
| 序号 | 登录号 | 条形码 | 馆藏地/架位号 | 状态 | 备注 |
| 1 | 1163812 | 211638129 | 语言库209/209语言库 104排6列3层/ [索取号:H313/X7501] | 在馆 | |
| 2 | 1163813 | 211638138 | 语言库209/209语言库 104排6列3层/ [索取号:H313/X7501] | 在馆 | |
| 3 | 1163814 | 211638147 | 语言库209/209语言库 104排6列3层/ [索取号:H313/X7501] | 在馆 |